Finančné aspekty reputačného manažmentu v podmienkach automobilového priemyslu diplomová práca

Saved in:
Bibliographic Details
Main Author: Vavro, Daniel
Corporate Author: Fakulta podnikového manažmentu EU. Katedra podnikových financií
Other Authors: Markovič, Peter, 1974-
Format: Book
Language:Slovak
Published: Bratislava 2018
Tags: Add Tag
No Tags, Be the first to tag this record!

MARC

LEADER 00000nbm a2200000 4500
001 0244728
005 20181001111541.4
041 0 |a slo 
044 |a SK 
245 1 0 |a Finančné aspekty reputačného manažmentu v podmienkach automobilového priemyslu  |b diplomová práca  |c Daniel Vavro ; školiteľ: Peter Markovič 
264 1 |a Bratislava  |c 2018 
300 |a 64 s. 
100 1 |a Vavro, Daniel 
700 1 |a Markovič, Peter, 1974- 
710 2 |a Fakulta podnikového manažmentu EU. Katedra podnikových financií